Statistics for Periodic Table by groups

Click here to take the quiz!

General Stats

  • This quiz has been taken 137 times
  • The average score is 7 of 11

Answers on the Map

Answers color-coded by a green-red scale on the quiz's map according to % correct below.
 

Answer Stats

Group% Correct
Noble Gases
87%
Alkali Metals
84%
Halogens
73%
Alkaline Earth Metals
64%
Transition Metals
64%
Other Non-metals
57%
Actinides
54%
Lanthanides
51%
Metalloids
50%
Post-transition Metals
37%
Unclassified
31%

Score Distribution

Percentile by Number Answered

Percent of People with Each Score

Your Score History

You have not taken this quiz